00344nam a2200109Ia 4500008004100000100002500041245003300066260002500099300002000124650001200144856007800156160712s9999 xx 000 0 und d aPaulma, Ma. Elena L. cMa. Elena L. PaulmaaGinamos c2012bDiliman Review avol. 59 no. 1-4 xFICTION uhttp://journals.upd.edu.ph/index.php/dilimanreview/issue/view/390/showToc